[Event "Roquetas de Mar op 33rd"]
[Site "Roquetas de Mar"]
[Date "2022.01.05"]
[Round "2"]
[White "Jakubowski, Krzysztof"]
[Black "Lopez Gonzalez, Daniel"]
[Result "1-0"]
[WhiteElo "2470"]
[BlackElo "2202"]
[PlyCount "87"]
[EventDate "2022.01.04"]
[EventType "swiss"]
[EventRounds "9"]
[EventCountry "ESP"]
[SourceTitle "EXT 2023"]
[Source "ChessBase"]
[SourceDate "2022.10.05"]
[SourceVersion "1"]
[SourceVersionDate "2022.10.05"]
[SourceQuality "1"]

1. c4 g6 2. d4 Nf6 3. Nc3 Bg7 4. e4 d6 5. f3 0-0 6. Nge2 a6 7. Be3 b5 8. cxb5 axb5 9. Nxb5 c6 10. Nbc3 Nbd7 11. Qd2 e5 12. Rd1 Ba6 13. Nc1 Bxf1 14. Rxf1 d5 15. exd5 Nxd5 16. Nxd5 cxd5 17. Kf2 exd4 18. Bxd4 Ne5 19. b3 Qh4+ 20. Kg1 Rfe8 21. Bf2 Qf6 22. Rfe1 Rad8 23. Ne2 Nc6 24. Ng3 h5 25. Rxe8+ Rxe8 26. h3 Kh7 27. Qc2 h4 28. Nh5 Qc3 29. Qxc3 Bxc3 30. Rc1 Bd4 31. Bxd4 Nxd4 32. Nf6+ Kh6 33. Rd1 Ne2+ 34. Kf2 Nc3 35. Nxe8 Nxd1+ 36. Ke1 Nc3 37. a4 Kg5 38. Nc7 Kf4 39. Kd2 Na2 40. a5 Nb4 41. a6 Nc6 42. b4 Na7 43. b5 Nc8 44. Nxd5+ 1-0

[Event "Malaga op 15th"]
[Site "Malaga"]
[Date "2021.10.30"]
[Round "4"]
[White "Garcia Ruiz, Angel"]
[Black "Lopez Gonzalez, Daniel"]
[Result "1/2-1/2"]
[WhiteElo "1890"]
[BlackElo "2198"]
[PlyCount "61"]
[EventDate "2021.10.29"]
[EventType "swiss"]
[EventRounds "7"]
[EventCountry "ESP"]
[SourceTitle "CBM 204 Extra"]
[Source "ChessBase"]
[SourceDate "2021.11.30"]
[SourceVersion "1"]
[SourceVersionDate "2021.11.30"]
[SourceQuality "1"]

1. d4 Nf6 2. Nf3 e6 3. Bg5 h6 4. Bh4 d6 5. Nbd2 g5 6. Bg3 Nh5 7. e3 Bg7 8. Be2 Nxg3 9. hxg3 Qe7 10. c3 Nd7 11. Nc4 b6 12. e4 Bb7 13. Qc2 a6 14. 0-0-0 0-0-0 15. g4 Kb8 16. Rhe1 h5 17. Nfd2 hxg4 18. Bxg4 Nf6 19. Be2 Rh2 20. Ne3 Rdh8 21. Bd3 g4 22. Ndf1 Rh1 23. Ng3 R1h4 24. Kb1 Nd7 25. Qe2 Ka7 26. Nxg4 Qg5 27. Ne3 c5 28. Bc2 cxd4 29. cxd4 Nf6 30. Nc4 Ne8 31. e5 1/2-1/2

[Event "Titled Tuesday intern op 31st Aug"]
[Site "Chess.com INT"]
[Date "2021.08.31"]
[Round "9"]
[White "Florescu, Codrut Constantin"]
[Black "Lopez Gonzalez, Daniel"]
[Result "0-1"]
[WhiteElo "2293"]
[BlackElo "2193"]
[PlyCount "104"]
[EventDate "2021.08.31"]
[EventType "swiss (blitz)"]
[EventRounds "11"]
[EventCountry "USA"]
[SourceTitle "EXT 2022"]
[Source "ChessBase"]
[SourceDate "2021.10.06"]
[SourceVersion "1"]
[SourceVersionDate "2021.10.06"]
[SourceQuality "1"]

1. d4 e6 2. e4 d5 3. Nc3 Nf6 4. Bg5 dxe4 5. Nxe4 Be7 6. Bxf6 Bxf6 7. Nf3 0-0 8. Bd3 b6 9. Qe2 Bb7 10. 0-0-0 Nd7 11. h4 Be7 12. g4 c5 13. g5 Qc7 14. Rhg1 c4 15. Nf6+ Nxf6 16. gxf6 Bxf6 17. Bxh7+ Kxh7 18. Ng5+ Bxg5+ 19. Rxg5 g6 20. Kb1 Qf4 21. Rdg1 Bf3 22. Qxc4 Rac8 23. Qb4 Be4 24. a3 Rxc2 25. Ka2 Bd5+ 26. Rxd5 exd5 27. Qxf8 Qxf2 28. Rb1 Qf6 29. h5 g5 30. Re1 Rf2 31. Re8 Qg7 32. Qe7 Qxd4 33. Qb4 Qxb4 34. axb4 f5 35. Re7+ Kh6 36. Rxa7 g4 37. Rb7 g3 38. Rxb6+ Kxh5 39. Rb8 Rf4 40. Rh8+ Kg4 41. b5 Rb4 42. Ka3 Rxb5 43. b4 Kf3 44. Ka4 Rb7 45. b5 Kf2 46. Rg8 f4 47. Ka5 f3 48. Ka6 Rxb5 49. Kxb5 g2 50. Kc5 g1Q 51. Rxg1 Kxg1 52. Kxd5 f2 0-1

[Event "Titled Tuesday intern op 31st Aug"]
[Site "Chess.com INT"]
[Date "2021.08.31"]
[Round "6"]
[White "Lopez Gonzalez, Daniel"]
[Black "Dong, Bao Nghia"]
[Result "0-1"]
[WhiteElo "2193"]
[BlackElo "2227"]
[PlyCount "80"]
[EventDate "2021.08.31"]
[EventType "swiss (blitz)"]
[EventRounds "11"]
[EventCountry "USA"]
[SourceTitle "EXT 2022"]
[Source "ChessBase"]
[SourceDate "2021.10.06"]
[SourceVersion "1"]
[SourceVersionDate "2021.10.06"]
[SourceQuality "1"]

1. d4 e6 2. c4 d5 3. Nc3 c6 4. e3 Nf6 5. Nf3 Bd6 6. Bd3 h6 7. 0-0 0-0 8. e4 dxe4 9. Nxe4 Nxe4 10. Bxe4 Nd7 11. Bc2 Re8 12. Re1 c5 13. Qd3 Nf8 14. Bd2 Bd7 15. dxc5 Bxc5 16. Ne5 Bc6 17. Nxc6 bxc6 18. b4 Qxd3 19. Bxd3 Red8 20. Be3 Bxb4 21. Red1 a5 22. Be4 Rxd1+ 23. Rxd1 Rc8 24. c5 f5 25. Bf3 e5 26. g3 e4 27. Be2 Kf7 28. Bc4+ Ke7 29. Rb1 Ne6 30. a3 Bxa3 31. Rb7+ Rc7 32. Rb6 Nxc5 33. Bf4 Rc8 34. Ba6 Nxa6 35. Rxa6 Bb4 36. Ra7+ Kf6 37. h4 g5 38. hxg5+ hxg5 39. Be3 c5 40. Bc1 c4 0-1

[Event "Titled Tuesday intern op 31st Aug"]
[Site "Chess.com INT"]
[Date "2021.08.31"]
[Round "8"]
[White "Lopez Gonzalez, Daniel"]
[Black "Mogirzan, Matei Valeriu"]
[Result "1-0"]
[WhiteElo "2193"]
[BlackElo "1813"]
[PlyCount "103"]
[EventDate "2021.08.31"]
[EventType "swiss (blitz)"]
[EventRounds "11"]
[EventCountry "USA"]
[SourceTitle "EXT 2022"]
[Source "ChessBase"]
[SourceDate "2021.10.06"]
[SourceVersion "1"]
[SourceVersionDate "2021.10.06"]
[SourceQuality "1"]

1. Nf3 g5 2. Nxg5 e5 3. d4 h6 4. Nf3 e4 5. Ne5 d6 6. Nc4 d5 7. Ne3 f5 8. c4 c6 9. cxd5 cxd5 10. Nc3 Be6 11. Qb3 Nc6 12. Nexd5 Nxd4 13. Qa4+ Nc6 14. Nf4 Bf7 15. Be3 a6 16. g3 b5 17. Qd1 Qa5 18. Bh3 Rd8 19. Qc1 Ne5 20. 0-0 Nf6 21. Bxf5 Be7 22. Nxe4 Nxe4 23. Bxe4 Nc4 24. Bg6 Bxg6 25. Nxg6 Rg8 26. Nxe7 Kxe7 27. Bc5+ Ke8 28. b3 Qc7 29. bxc4 Qxc5 30. cxb5 Qxc1 31. Raxc1 axb5 32. Rfd1 Rxd1+ 33. Rxd1 Ke7 34. Rb1 Kd6 35. Rxb5 Kc6 36. a4 Ra8 37. Rb4 Kc5 38. Rh4 Ra7 39. a5 h5 40. Rxh5+ Kb4 41. e4 Kb3 42. Kg2 Kb2 43. f4 Rb7 44. Rd5 Rb3 45. e5 Ka2 46. Rd2+ Ka1 47. Re2 Rb7 48. e6 Re7 49. f5 Rc7 50. e7 Rb7 51. e8Q Rb1 52. Qe5+ 1-0

[Event "ESP-ch 86th"]
[Site "Linares"]
[Date "2021.08.22"]
[Round "7"]
[White "Cesar Maestre, Bernardo"]
[Black "Lopez Gonzalez, Daniel"]
[Result "1-0"]
[WhiteElo "2331"]
[BlackElo "2193"]
[PlyCount "71"]
[EventDate "2021.08.16"]
[EventType "swiss"]
[EventRounds "9"]
[EventCountry "ESP"]
[SourceTitle "CBM 204 Extra"]
[Source "ChessBase"]
[SourceDate "2021.11.30"]
[SourceVersion "1"]
[SourceVersionDate "2021.11.30"]
[SourceQuality "1"]

1. e4 e6 2. d4 d5 3. Nd2 a6 4. exd5 exd5 5. Ngf3 c5 6. Be2 Nc6 7. 0-0 Nf6 8. dxc5 Bxc5 9. Nb3 Bb6 10. c3 0-0 11. Bg5 Re8 12. Bd3 h6 13. Bh4 g5 14. Bg3 Ne4 15. Nfd4 f5 16. Qh5 Kg7 17. Bxe4 Rxe4 18. f3 Re8 19. Bf2 Bd7 20. Rfe1 Ne5 21. Rad1 Qf6 22. Re2 Ng6 23. g3 f4 24. Rde1 a5 25. Rxe8 Rxe8 26. Rxe8 Bxe8 27. gxf4 a4 28. Nc1 Bd7 29. fxg5 hxg5 30. Nd3 a3 31. b4 Nf4 32. Nxf4 Qxf4 33. h4 Bd8 34. Ne2 Qf5 35. Bd4+ Bf6 36. Qxg5+ 1-0

[Event "ESP-ch 86th"]
[Site "Linares"]
[Date "2021.08.19"]
[Round "4"]
[White "Vallejo Pons, Francisco"]
[Black "Lopez Gonzalez, Daniel"]
[Result "1-0"]
[WhiteElo "2710"]
[BlackElo "2193"]
[PlyCount "119"]
[EventDate "2021.08.16"]
[EventType "swiss"]
[EventRounds "9"]
[EventCountry "ESP"]
[SourceTitle "CBM 204 Extra"]
[Source "ChessBase"]
[SourceDate "2021.11.30"]
[SourceVersion "1"]
[SourceVersionDate "2021.11.30"]
[SourceQuality "1"]

1. e4 e5 2. Nf3 Nc6 3. Bb5 a6 4. Ba4 Nf6 5. 0-0 Be7 6. Re1 b5 7. Bb3 d6 8. c3 0-0 9. h3 Nb8 10. d4 Nbd7 11. Nbd2 c5 12. Nf1 Re8 13. Ng3 Bf8 14. Ng5 c4 15. Bc2 h6 16. Nf3 Qc7 17. Be3 Nb6 18. Nh2 exd4 19. Bxd4 Nbd7 20. f4 Bb7 21. Ng4 Re6 22. Nxf6+ Nxf6 23. f5 Re5 24. Bxe5 dxe5 25. Nh5 Qb6+ 26. Kh1 Rd8 27. Nxf6+ Qxf6 28. Qe2 Bc5 29. Rad1 Bc6 30. b3 Rxd1 31. Rxd1 cxb3 32. Bxb3 Qg5 33. Qg4 Qf6 34. Bd5 Kh7 35. Bxc6 Qxc6 36. f6 g6 37. Rd7 Kg8 38. Rd8+ Kh7 39. Qf3 b4 40. Rd5 Bf8 41. cxb4 Bxb4 42. Qb3 Bf8 43. Qf3 Kg8 44. Kh2 h5 45. Rd8 Qb6 46. Rc8 Qe6 47. Rb8 Qd6 48. Rb7 Bh6 49. h4 Qd2 50. Rb8+ Kh7 51. Rb1 Qxa2 52. Qb3 Qxb3 53. Rxb3 g5 54. g4 gxh4 55. gxh5 Bg5 56. Kh3 Kh6 57. Kg4 a5 58. Rb8 Bxf6 59. Rb6 Kg7 60. h6+ 1-0

[Event "Titled Tuesday intern op 10th Aug"]
[Site "Chess.com INT"]
[Date "2021.08.10"]
[Round "10"]
[White "Aldokhin, Ivan"]
[Black "Lopez Gonzalez, Daniel"]
[Result "1-0"]
[WhiteElo "2413"]
[BlackElo "2193"]
[PlyCount "83"]
[EventDate "2021.08.10"]
[EventType "swiss (blitz)"]
[EventRounds "11"]
[EventCountry "USA"]
[SourceTitle "CBM 203 Extra"]
[Source "ChessBase"]
[SourceDate "2021.09.30"]
[SourceVersion "1"]
[SourceVersionDate "2021.09.30"]
[SourceQuality "1"]

1. e4 c5 2. Nf3 d6 3. d4 cxd4 4. Nxd4 Nf6 5. Nc3 a6 6. Bc4 e6 7. Bb3 Nc6 8. Be3 Be7 9. Qe2 0-0 10. 0-0-0 Nxd4 11. Rxd4 Nd7 12. h4 Nc5 13. g4 b5 14. g5 Bb7 15. h5 b4 16. Rxb4 a5 17. Rxb7 Nxb7 18. g6 Qd7 19. h6 fxg6 20. Qg4 Rf6 21. Nd5 Re8 22. hxg7 Bd8 23. Bd4 a4 24. Bc4 Qf7 25. Qh4 h5 26. Nxf6+ Bxf6 27. Qxf6 Qxf6 28. Bxf6 Nc5 29. f3 Kf7 30. Bd4 Rg8 31. e5 Nb7 32. exd6 Nxd6 33. Bd3 Nf5 34. Bxf5 exf5 35. f4 Re8 36. b4 Re4 37. c3 Rxf4 38. b5 Re4 39. b6 Re8 40. Kd2 g5 41. Rxh5 Kg6 42. Rh8 1-0

[Event "Titled Tuesday intern op 10th Aug"]
[Site "Chess.com INT"]
[Date "2021.08.10"]
[Round "9"]
[White "Lopez Gonzalez, Daniel"]
[Black "Yaran, Siar"]
[Result "1/2-1/2"]
[WhiteElo "2193"]
[BlackElo "2272"]
[PlyCount "130"]
[EventDate "2021.08.10"]
[EventType "swiss (blitz)"]
[EventRounds "11"]
[EventCountry "USA"]
[SourceTitle "CBM 203 Extra"]
[Source "ChessBase"]
[SourceDate "2021.09.30"]
[SourceVersion "1"]
[SourceVersionDate "2021.09.30"]
[SourceQuality "1"]

1. e4 e5 2. Nf3 Nc6 3. Bb5 a6 4. Ba4 Nf6 5. 0-0 Be7 6. Re1 b5 7. Bb3 0-0 8. d3 Bb7 9. Nc3 h6 10. a3 Re8 11. Nd5 Bf8 12. c3 Rb8 13. Nxf6+ Qxf6 14. Bd5 Ne7 15. Bxb7 Rxb7 16. d4 Ng6 17. dxe5 Nxe5 18. Nxe5 Rxe5 19. Qxd7 Qg6 20. Qd4 Re6 21. Bf4 c5 22. Qd5 Rbe7 23. f3 Re8 24. Rad1 Kh7 25. Bg3 c4 26. Bf2 Bd6 27. Qf5 Qxf5 28. exf5 Rxe1+ 29. Rxe1 Rxe1+ 30. Bxe1 Bf4 31. Bf2 Bc1 32. Bc5 Bxb2 33. Bb4 g6 34. fxg6+ Kxg6 35. Kf2 Kf5 36. Ke3 Ke5 37. f4+ Kf5 38. Kf3 h5 39. g3 a5 40. Bxa5 Bxa3 41. h3 Ke6 42. g4 hxg4+ 43. hxg4 f5 44. g5 Bc5 45. Bb4 Bb6 46. Kg3 Kf7 47. Kf3 Kg6 48. Bd6 Ba5 49. Bb4 Bb6 50. Bd6 Kh5 51. Bb4 Bc7 52. Bc5 Kg6 53. Bb4 Kf7 54. Bc5 Ba5 55. Bb4 Bb6 56. Ba3 Bg1 57. Bb4 Ke6 58. Ba3 Kd5 59. Bb4 Bb6 60. Ba3 Bc7 61. Bb4 Bd8 62. Ke3 Ke6 63. Kf3 Bb6 64. Ba3 Kf7 65. Bb4 Kg6 1/2-1/2

[Event "Titled Tuesday intern op 10th Aug"]
[Site "Chess.com INT"]
[Date "2021.08.10"]
[Round "7"]
[White "Nguyen, Quoc Hy"]
[Black "Lopez Gonzalez, Daniel"]
[Result "1-0"]
[WhiteElo "2242"]
[BlackElo "2193"]
[PlyCount "61"]
[EventDate "2021.08.10"]
[EventType "swiss (blitz)"]
[EventRounds "11"]
[EventCountry "USA"]
[SourceTitle "CBM 203 Extra"]
[Source "ChessBase"]
[SourceDate "2021.09.30"]
[SourceVersion "1"]
[SourceVersionDate "2021.09.30"]
[SourceQuality "1"]

1. d4 Nf6 2. c4 g6 3. Nc3 Bg7 4. e4 d6 5. h4 h5 6. Be2 c5 7. d5 b5 8. cxb5 a6 9. Bg5 0-0 10. bxa6 Bxa6 11. Nf3 Qa5 12. 0-0 Nbd7 13. Re1 Rfb8 14. Qc2 Kf8 15. e5 Nxe5 16. Nxe5 dxe5 17. Bxa6 Rxa6 18. Rxe5 Ng4 19. Rxe7 Rab6 20. Rae1 R6b7 21. d6 Ne5 22. R1xe5 Bxe5 23. Rxe5 Rxb2 24. Qxb2 Rxb2 25. d7 Rb8 26. Bh6+ Kg8 27. Re8+ Kh7 28. Rxb8 Qxc3 29. d8Q Qe1+ 30. Kh2 Qe5+ 31. g3 1-0

[Event "Titled Tuesday intern op 13th July"]
[Site "Chess.com INT"]
[Date "2021.07.13"]
[Round "2"]
[White "Lopez Gonzalez, Daniel"]
[Black "Costachi, Mihnea"]
[Result "0-1"]
[WhiteElo "2193"]
[BlackElo "2471"]
[PlyCount "60"]
[EventDate "2021.07.13"]
[EventType "swiss (blitz)"]
[EventRounds "11"]
[EventCountry "USA"]
[SourceTitle "CBM 203 Extra"]
[Source "ChessBase"]
[SourceDate "2021.09.30"]
[SourceVersion "1"]
[SourceVersionDate "2021.09.30"]
[SourceQuality "1"]

1. d4 c5 2. d5 g6 3. e4 Bg7 4. Nc3 d6 5. Bb5+ Bd7 6. a4 a6 7. Be2 Nf6 8. a5 0-0 9. Nf3 b5 10. axb6 Qxb6 11. Nd2 e6 12. Nc4 Qc7 13. dxe6 Bxe6 14. Qxd6 Qb7 15. Qb6 Qe7 16. Be3 Nbd7 17. Qd6 Qd8 18. 0-0 Re8 19. Rfd1 Qb8 20. e5 Ng4 21. Bxg4 Bxg4 22. f3 Be6 23. Nd5 Nxe5 24. Qxb8 Raxb8 25. Nxe5 Bxe5 26. Bxc5 Rxb2 27. Rxa6 Rxc2 28. Bd4 Bxd5 29. Bxe5 Rxe5 30. f4 Rxg2+ 0-1

[Event "Titled Tuesday intern op 13th July"]
[Site "Chess.com INT"]
[Date "2021.07.13"]
[Round "8"]
[White "Lopez Gonzalez, Daniel"]
[Black "Florescu, Codrut Constantin"]
[Result "1-0"]
[WhiteElo "2193"]
[BlackElo "2293"]
[PlyCount "109"]
[EventDate "2021.07.13"]
[EventType "swiss (blitz)"]
[EventRounds "11"]
[EventCountry "USA"]
[SourceTitle "CBM 203 Extra"]
[Source "ChessBase"]
[SourceDate "2021.09.30"]
[SourceVersion "1"]
[SourceVersionDate "2021.09.30"]
[SourceQuality "1"]

1. d4 Nf6 2. Nf3 d5 3. g3 e6 4. Bg2 Be7 5. 0-0 0-0 6. c4 c6 7. Qc2 Nbd7 8. Nbd2 b6 9. e4 Bb7 10. e5 Ne8 11. cxd5 exd5 12. Re1 Nc7 13. Nf1 Ne6 14. Ne3 Re8 15. Nf5 Bf8 16. h4 h6 17. Be3 c5 18. Rad1 Rc8 19. Qd2 cxd4 20. N5xd4 Ndc5 21. Nxe6 Nxe6 22. Nd4 Qd7 23. Bh3 Qa4 24. b3 Qb4 25. Nxe6 fxe6 26. Qe2 Qe4 27. Qh5 d4 28. f3 Qxf3 29. Qxf3 Bxf3 30. Rxd4 Rc2 31. Rd2 Rc3 32. Bd4 Bc5 33. Bxc5 Rxc5 34. Rd6 Bd5 35. Rd1 Kf7 36. Bg4 Ke7 37. Rf1 Rc2 38. Rf2 Rxf2 39. Kxf2 Rc8 40. Ke3 Rc3+ 41. Kf4 Rc2 42. Bd1 Rxa2 43. b4 Rd2 44. Ba4 Rd4+ 45. Ke3 Re4+ 46. Kd3 Rxe5 47. Rd7+ Kf6 48. Rxa7 Rf5 49. Be8 Rf3+ 50. Kd4 e5+ 51. Kxd5 Rxg3 52. Rf7+ Kg6 53. Rf3+ Kh7 54. Rxg3 e4 55. Bg6+ 1-0

[Event "Titled Tuesday intern op 13th July"]
[Site "Chess.com INT"]
[Date "2021.07.13"]
[Round "9"]
[White "Navalgund, Niranjan"]
[Black "Lopez Gonzalez, Daniel"]
[Result "0-1"]
[WhiteElo "2289"]
[BlackElo "2193"]
[PlyCount "68"]
[EventDate "2021.07.13"]
[EventType "swiss (blitz)"]
[EventRounds "11"]
[EventCountry "USA"]
[SourceTitle "CBM 203 Extra"]
[Source "ChessBase"]
[SourceDate "2021.09.30"]
[SourceVersion "1"]
[SourceVersionDate "2021.09.30"]
[SourceQuality "1"]

1. e4 e5 2. Nf3 Nc6 3. Nc3 Nf6 4. Nxe5 Nxe5 5. d4 Nc6 6. d5 Bb4 7. dxc6 0-0 8. Bd3 bxc6 9. 0-0 d5 10. e5 Ng4 11. Bf4 f6 12. exf6 Nxf6 13. Ne2 Bd6 14. Bg3 Rb8 15. b3 Ne4 16. Bxd6 Nxd6 17. Nd4 Bd7 18. Qh5 g6 19. Bxg6 hxg6 20. Qxg6+ Kh8 21. Qh6+ Kg8 22. Qg6+ Kh8 23. f3 Qf6 24. Qh5+ Kg8 25. Rad1 Rbe8 26. f4 Re4 27. Rf3 Rf7 28. Rg3+ Rg7 29. Rxg7+ Qxg7 30. Nf3 Bg4 31. Qh4 Bxf3 32. Rd2 Qa1+ 33. Kf2 Qe1+ 34. Kxf3 Qxh4 0-1

[Event "Titled Tuesday intern op 29th June"]
[Site "Chess.com INT"]
[Date "2021.06.29"]
[Round "4"]
[White "Lopez Gonzalez, Daniel"]
[Black "Tanaka, Taira Tyler"]
[Result "1-0"]
[WhiteElo "2193"]
[BlackElo "2099"]
[PlyCount "77"]
[EventDate "2021.06.29"]
[EventType "swiss (blitz)"]
[EventRounds "11"]
[EventCountry "USA"]
[SourceTitle "CBM 203 Extra"]
[Source "ChessBase"]
[SourceDate "2021.09.30"]
[SourceVersion "1"]
[SourceVersionDate "2021.09.30"]
[SourceQuality "1"]

1. e4 c6 2. d4 d5 3. e5 Bf5 4. h4 h5 5. c4 e6 6. Nc3 Ne7 7. Bg5 Qb6 8. Rc1 Nd7 9. Nge2 dxc4 10. Ng3 Bg6 11. Bxc4 Nd5 12. Qd2 Bb4 13. 0-0 Be7 14. Bxe7 Nxe7 15. Nce4 0-0-0 16. Nd6+ Kb8 17. Rc3 Qc7 18. Rb3 Nb6 19. Bd3 Bxd3 20. Qxd3 Nec8 21. Nge4 f5 22. Ng5 Nxd6 23. Nxe6 Qe7 24. Nxd8 Ne4 25. Nxc6+ bxc6 26. a4 Ka8 27. a5 Nd5 28. Qa6 Qc7 29. Rc1 Rc8 30. f3 Ng3 31. Kf2 f4 32. Rc5 Nf5 33. Qc4 Nde7 34. a6 Qd7 35. Rb7 Qd8 36. Qb4 Rb8 37. Rc4 Nd5 38. Qc5 Nde7 39. Qxa7# 1-0

[Event "Dos Hermanas rapid 31st"]
[Site "Dos Hermanas"]
[Date "2019.05.25"]
[Round "4"]
[White "Bobadilla Viera, Jorge Samuel"]
[Black "Lopez Gonzalez, Daniel"]
[Result "1-0"]
[WhiteElo "2382"]
[BlackElo "2213"]
[PlyCount "87"]
[EventDate "2019.05.25"]
[EventType "swiss (rapid)"]
[EventRounds "8"]
[EventCountry "ESP"]
[SourceTitle "CBM 190 Extra"]
[Source "ChessBase"]
[SourceDate "2019.07.15"]
[SourceVersion "1"]
[SourceVersionDate "2019.07.15"]
[SourceQuality "1"]

1. g3 g6 2. Bg2 Bg7 3. Nf3 d6 4. 0-0 e5 5. c4 f5 6. Nc3 Nf6 7. d3 0-0 8. c5 Nc6 9. cxd6 cxd6 10. e4 Kh8 11. Re1 f4 12. d4 fxg3 13. hxg3 Bg4 14. dxe5 Nxe5 15. Bf4 Nfd7 16. Nxe5 Bxd1 17. Nxd7 Rxf4 18. Raxd1 Rf7 19. Nc5 Qb6 20. Nd3 Raf8 21. Nd5 Qa5 22. a3 Bd4 23. Re2 Qd8 24. N3f4 Rxf4 25. Nxf4 Qf6 26. Red2 Be5 27. Nd5 Qf7 28. f4 Bg7 29. Ne3 Qb3 30. Kf2 Be5 31. Ke2 Qb5+ 32. Ke1 Qb6 33. Ke2 Qb5+ 34. Kf3 g5 35. f5 Kg7 36. Bf1 Qb3 37. Bc4 Qb6 38. Rh1 Bxg3 39. Nd5 Qc5 40. Ne3 Qb6 41. Rg2 Bf4 42. Nd5 Qc5 43. Nxf4 Qxc4 44. Ne6+ 1-0

[Event "Andalucia-chT Honor Occidental"]
[Site "Andalucia"]
[Date "2018.09.30"]
[Round "1.6"]
[White "Lopez Gonzalez, Daniel"]
[Black "Gomez Ledo, Roberto Carlos"]
[Result "0-1"]
[WhiteElo "2244"]
[BlackElo "2443"]
[PlyCount "68"]
[EventDate "2018.09.30"]
[EventType "team-tourn"]
[EventRounds "7"]
[EventCountry "ESP"]
[SourceTitle "EXT 2020"]
[Source "ChessBase"]
[SourceDate "2019.10.17"]
[SourceVersion "1"]
[SourceVersionDate "2019.10.17"]
[SourceQuality "1"]
[WhiteTeam "Espartinas Alekhine"]
[BlackTeam "Bahia Sur Pai Hotel"]
[WhiteTeamCountry "ESP"]
[BlackTeamCountry "ESP"]

1. c4 e5 2. g3 Nf6 3. Bg2 d5 4. cxd5 Nxd5 5. Nf3 Nc6 6. 0-0 Nb6 7. d3 Be7 8. Nbd2 0-0 9. a3 a5 10. b3 Be6 11. Bb2 f6 12. Rc1 Qd7 13. Re1 Rfd8 14. Qc2 Bf8 15. Nc4 Qf7 16. Nfd2 Nd5 17. Ne4 Nd4 18. Qd1 Nb6 19. e3 Nc6 20. Qc2 Rd7 21. Bf1 Rad8 22. Ncd2 Kh8 23. Rb1 Bf5 24. Red1 Qh5 25. Re1 Qg6 26. Nf3 Qh5 27. Nfd2 Bg4 28. Nc5 Bxc5 29. Qxc5 Bf5 30. Ne4 h6 31. Bc1 Rxd3 32. Bxd3 Rxd3 33. Nd2 Rxd2 34. Bxd2 Qf3 0-1

[Event "Port de Pollenca"]
[Site "Port de Pollenca"]
[Date "2018.03.20"]
[Round "3"]
[White "Domingo Nunez, Ruben"]
[Black "Lopez Gonzalez, Daniel"]
[Result "0-1"]
[WhiteElo "2308"]
[BlackElo "2278"]
[PlyCount "78"]
[EventDate "2018.03.19"]
[EventType "tourn"]
[EventRounds "9"]
[EventCountry "ESP"]
[EventCategory "2"]
[SourceTitle "CBM 183 Extra"]
[Source "ChessBase"]
[SourceDate "2018.04.19"]
[SourceVersion "1"]
[SourceVersionDate "2018.04.19"]
[SourceQuality "1"]

1. e4 e5 2. Nf3 Nc6 3. Bc4 Nf6 4. Ng5 d5 5. exd5 Na5 6. Bb5+ c6 7. dxc6 bxc6 8. Bd3 Nd5 9. Nf3 Bd6 10. 0-0 0-0 11. Re1 Re8 12. Nc3 f5 13. Nxd5 cxd5 14. Bb5 Bd7 15. Bxd7 Qxd7 16. d3 Nc6 17. c4 d4 18. Qa4 Rad8 19. Bg5 Rb8 20. Rab1 Bb4 21. Red1 h6 22. Bd2 Qd6 23. a3 Bxd2 24. Rxd2 e4 25. dxe4 fxe4 26. c5 Qg6 27. Qc2 d3 28. Qc4+ Kh8 29. Ne1 Ne5 30. Qc3 Nf3+ 31. Nxf3 exf3 32. g3 Rbd8 33. c6 Qf5 34. Qc1 Re2 35. c7 Rc8 36. Rxe2 dxe2 37. Kh1 Rxc7 38. Qg1 Qxb1 39. Qxb1 Rd7 0-1

[Event "Roquetas de Mar op 29th"]
[Site "Roquetas de Mar"]
[Date "2018.01.03"]
[Round "2"]
[White "Epishin, Vladimir"]
[Black "Lopez Gonzalez, Daniel"]
[Result "1-0"]
[WhiteElo "2536"]
[BlackElo "2285"]
[PlyCount "103"]
[EventDate "2018.01.02"]
[EventType "swiss"]
[EventRounds "9"]
[EventCountry "ESP"]
[SourceTitle "CBM 182 Extra"]
[Source "ChessBase"]
[SourceDate "2018.02.23"]
[SourceVersion "1"]
[SourceVersionDate "2018.02.23"]
[SourceQuality "1"]

1. d4 d5 2. Nf3 Nf6 3. g3 e6 4. Bg2 Be7 5. 0-0 0-0 6. Nbd2 b6 7. c4 c6 8. b3 a5 9. Bb2 b5 10. c5 b4 11. a3 Ba6 12. Re1 Nbd7 13. Qc2 Qc7 14. e3 Rfb8 15. a4 Re8 16. e4 Nxe4 17. Nxe4 dxe4 18. Rxe4 Rad8 19. Rae1 Nf6 20. Rh4 g6 21. Bc1 Nd5 22. Bg5 f6 23. Bh6 Bf8 24. Bxf8 Kxf8 25. Rhe4 Bc8 26. h4 e5 27. dxe5 Bf5 28. Qc4 Bxe4 29. Qxe4 Nc3 30. Qc4 fxe5 31. Ng5 Nd5 32. Ne4 Kg7 33. Qc1 Nf6 34. Nd6 Rxd6 35. cxd6 Qxd6 36. Qxc6 Qxc6 37. Bxc6 Rc8 38. Bb5 Rc3 39. Rxe5 Rxb3 40. Bc4 Rc3 41. Bf1 b3 42. Rxa5 Ne4 43. Rb5 Rc1 44. Kg2 Nd2 45. Bd3 Rc3 46. Be2 Rc2 47. Bd1 Rb2 48. a5 Ne4 49. Bxb3 Rxf2+ 50. Kg1 Rf3 51. a6 Nd6 52. Rb8 1-0

[Event "Andalucia-chA"]
[Site "Roquetas de Mar"]
[Date "2017.05.14"]
[Round "3"]
[White "Lopez Gonzalez, Daniel"]
[Black "Molina Mataran, Manuel"]
[Result "1-0"]
[WhiteElo "2310"]
[BlackElo "1786"]
[PlyCount "91"]
[EventDate "2017.05.13"]
[EventType "swiss"]
[EventRounds "8"]
[EventCountry "ESP"]
[SourceTitle "EXT 2020"]
[Source "ChessBase"]
[SourceDate "2019.10.17"]
[SourceVersion "1"]
[SourceVersionDate "2019.10.17"]
[SourceQuality "1"]

1. d4 Nf6 2. Nf3 e6 3. c4 d5 4. g3 g6 5. Bg2 Bg7 6. 0-0 0-0 7. Nc3 c6 8. b3 Nbd7 9. Qc2 Rb8 10. a4 Re8 11. Rd1 b6 12. Bf4 Ra8 13. e4 Nxe4 14. Nxe4 dxe4 15. Qxe4 Bb7 16. Rac1 Qe7 17. Re1 Nf6 18. Qc2 Nh5 19. Bg5 f6 20. Bd2 Bh8 21. c5 Ng7 22. Bf1 Rad8 23. b4 Nf5 24. Bc4 Qd7 25. Qb3 Bc8 26. b5 Kf8 27. bxc6 Qxc6 28. Bb5 Qb7 29. Bxe8 Rxe8 30. c6 Qc7 31. d5 e5 32. Bb4+ Nd6 33. Nd2 Ba6 34. Ne4 Rd8 35. Qa3 Ke7 36. f4 Bc8 37. fxe5 fxe5 38. Qe3 Ke8 39. Nxd6+ Rxd6 40. Bxd6 Qxd6 41. Qb3 Bf6 42. c7 Qd7 43. Rc6 Bg7 44. Rf1 Qe7 45. Qb5 a6 46. Qxb6 1-0